| 000 | 00710nam a2200229 4500 | ||
|---|---|---|---|
| 999 |
_c3964 _d3964 |
||
| 003 | AR-CdUCM | ||
| 008 | 190307b ||||| |||| 00| 0 spa d | ||
| 040 |
_aMUNICIPALIDAD PROVINCIAL DEL CUSCO _cBIBLIOTECA MUNICIPAL DEL CUSCO |
||
| 082 |
_a828.83 / _bST79 |
||
| 100 |
_aStevenson, R. L _911906 |
||
| 245 | _aLa Isla del Tesoro / | ||
| 260 |
_aMadrid : _bSalvat Editores, _c1969. |
||
| 300 |
_a188 paginas ; _c18cm. |
||
| 440 |
_aBiblioteca Clasica Universal _n26 _912682 |
||
| 500 | _aCon colaboracion de Alianza Editorial | ||
| 650 |
_aNovelas EspaƱolas _99372 |
||
| 650 |
_aLiteratura _983 |
||
| 650 |
_aSiglo XX _98 |
||
| 700 |
_aFernandez Santos, Jesus _912573 |
||
| 942 |
_2ddc _cLIBROS |
||
| 945 | _apjha | ||